The Anatomy of courage (Record no. 119005)
[ view plain ]
| 000 -LEADER | |
|---|---|
| fixed length control field | 00393nam a22001337a 4500 |
| 008 - FIXED-LENGTH DATA ELEMENTS--GENERAL INFORMATION | |
| fixed length control field | 131203b xxu||||| |||| 00| 0 eng d |
| 050 ## - LIBRARY OF CONGRESS CALL NUMBER | |
| Classification number | U21.M7 |
| 100 ## - MAIN ENTRY--PERSONAL NAME | |
| Personal name | Moran, Charles McMoran Wilson |
| 9 (RLIN) | 4887 |
| 245 ## - TITLE STATEMENT | |
| Title | The Anatomy of courage |
| 260 ## - PUBLICATION, DISTRIBUTION, ETC. (IMPRINT) | |
| Place of publication, distribution, etc | London |
| Name of publisher, distributor, etc | Constable |
| Date of publication, distribution, etc | 1945 |
| 300 ## - PHYSICAL DESCRIPTION | |
| Extent | xiv; 216p. |
| Dimensions | 18cm |
| 650 ## - SUBJECT ADDED ENTRY--TOPICAL TERM | |
| Topical term or geographic name as entry element | War - Psychological aspects; Courage; Fear |
| 9 (RLIN) | 4888 |
| 942 ## - ADDED ENTRY ELEMENTS (KOHA) | |
| Source of classification or shelving scheme | Library of Congress Classification |
| Item type | Monograph ( Printed materials) |
| Withdrawn status | Lost status | Source of classification or shelving scheme | Damaged status | Not for loan | Home library | Current library | Date acquired | Total Checkouts | Full call number | Barcode | Date last seen | Price effective from | Koha item type |
|---|---|---|---|---|---|---|---|---|---|---|---|---|---|
| Library of Congress Classification | ARRUPE LIBRARY | ARRUPE LIBRARY | 03/12/2013 | U21.M7 | 464122672 | 11/09/2019 | 03/12/2013 | Monograph ( Printed materials) |